You are the best friend (Record no. 240646)
[ view plain ]
| 000 -LEADER | |
|---|---|
| fixed length control field | 01940nam a22002297a 4500 |
| 005 - DATE AND TIME OF LATEST TRANSACTION | |
| control field | 20251104091756.0 |
| 008 - FIXED-LENGTH DATA ELEMENTS--GENERAL INFORMATION | |
| fixed length control field | 251104b |||||||| |||| 00| 0 eng d |
| 020 ## - INTERNATIONAL STANDARD BOOK NUMBER | |
| International Standard Book Number | 9789390441167 |
| 040 ## - CATALOGING SOURCE | |
| Transcribing agency | AL |
| 041 ## - LANGUAGE CODE | |
| Language code of text/sound track or separate title | eng |
| 082 ## - DEWEY DECIMAL CLASSIFICATION NUMBER | |
| Classification number | 820.33 |
| Item number | PANY |
| 100 ## - MAIN ENTRY--PERSONAL NAME | |
| Personal name | Ajay K Pandey |
| 100 ## - MAIN ENTRY--PERSONAL NAME | |
| 9 (RLIN) | 243655 |
| 245 ## - TITLE STATEMENT | |
| Title | You are the best friend |
| 260 ## - PUBLICATION, DISTRIBUTION, ETC. | |
| Place of publication, distribution, etc. | New Delhi |
| Name of publisher, distributor, etc. | Srishti Publishers and Distributors |
| Date of publication, distribution, etc. | 2023 |
| 300 ## - PHYSICAL DESCRIPTION | |
| Extent | x,221p. |
| Other physical details | PB |
| Dimensions | 20x13cm |
| 365 ## - TRADE PRICE | |
| Source of price type code | English |
| Price type code | 4241 |
| Price amount | ₹200.00 |
| Currency code | ₹ |
| Unit of pricing | ₹250.00 |
| Price note | 20% |
| 520 ## - SUMMARY, ETC. | |
| Summary, etc. | You might come across love many times in life;<br/>but the one that you experience with your best friend is etched for eternity.<br/>Ajay is fighting demons in his mind after losing his wife Bhavna. Ten years of togetherness, and a harsh twist of fate have thrown him into the pit of depression. With medication and therapy helping him fight his immense grief, there is only one ray of hope for him – he wants to immortalize his wife.<br/>Anisha lives life queen size. Making the most of each moment, she loves everything that she is blessed with. She is shocked when she meets Ajay. How can someone hate God so much? More than anything, what will that hatred do to him?<br/>Even as her mind makes a harsh judgment about Ajay, her heart notices his simple and caring gesture that changes her perception completely.<br/>So begins the journey of two people who are poles apart. A journey which will change their outlook towards life.<br/>Ever felt the need to have a friend who could just sit with you and talk for hours?<br/>Do you think friendship can bring you out of emotional pain and depression?<br/>Read this emotional rollercoaster from the pen of bestselling author Ajay K Pandey, which explores friendship like never before, and is sure to re-affirm your faith in life. |
| 650 ## - SUBJECT ADDED ENTRY--TOPICAL TERM | |
| Topical term or geographic name entry element | Indian English Fiction |
| 9 (RLIN) | 243656 |
| 650 ## - SUBJECT ADDED ENTRY--TOPICAL TERM | |
| Topical term or geographic name entry element | Indian Novel |
| 9 (RLIN) | 243657 |
| 650 ## - SUBJECT ADDED ENTRY--TOPICAL TERM | |
| Topical term or geographic name entry element | True story of mental health and finding inner peace |
| 9 (RLIN) | 243658 |
| 942 ## - ADDED ENTRY ELEMENTS (KOHA) | |
| Source of classification or shelving scheme | Dewey Decimal Classification |
| Koha item type | Book |
| Withdrawn status | Lost status | Source of classification or shelving scheme | Damaged status | Not for loan | Collection code | Home library | Current library | Shelving location | Date acquired | Source of acquisition | Cost, normal purchase price | Total Checkouts | Full call number | Barcode | Date last seen | Cost, replacement price | Price effective from | Koha item type |
|---|---|---|---|---|---|---|---|---|---|---|---|---|---|---|---|---|---|---|
| Dewey Decimal Classification | English | St Aloysius Library | St Aloysius Library | Stack Section | 10/30/2025 | Biblios Book Point, Surathkal, Mangalore-575014 | 200.00 | 820.33 PANY | 077983 | 11/04/2025 | 250.00 | 10/25/2025 | Book |